Top 100 Movies Of All Time - Statistics

General Stats
  • This quiz has been taken 35 times
  • The average score is 23 of 100
Answer Stats
Release Year Movie % Correct
1972 The Godfather
81%
1974 The Godfather Part ll
81%
1977 Star Wars
74%
1980 Star Wars: The Empire Strikes Back
74%
1994 The Shawshank Redemption
61%
2019 Avengers: Endgame
58%
2018 Avengers: Infinity War
58%
2008 The Dark Knight
58%
1997 Titanic
55%
2009 Avatar
48%
1942 Casablanca
48%
2010 Inception
45%
1994 Pulp Fiction
45%
1995 Seven
42%
2001 The Lord Of The Rings: The Fellowship Of The Ring
42%
2003 The Lord Of The Rings: The Return Of The King
42%
2002 The Lord Of The Rings: The Two Towers
42%
1980 The Shining
42%
1989 Indiana Jones And The Last Crusade
39%
1975 Jaws
39%
1993 Jurassic Park
39%
1993 Schindler's List
39%
1991 The Silence Of The Lambs
39%
1979 Alien
35%
1982 E.T. The Extra Terrestrial
35%
1990 Goodfellas
35%
2014 Interstellar
35%
1968 2001: A Space Odyssey
32%
2000 Gladiator
32%
2023 Oppenheimer
32%
2018 Spider-Man: Into The Spider-Verse
32%
1941 Citizen Kane
29%
1999 Fight Club
29%
1975 One Flew Over The Cuckoo's Nest
29%
1998 Saving Private Ryan
29%
1994 The Lion King
29%
1957 12 Angry Men
26%
1985 Back To The Future
26%
2016 La La Land
26%
2000 Memento
26%
2019 Parasite
26%
1960 Psycho
26%
1980 Raging Bull
26%
1976 Rocky
26%
1976 Taxi Driver
26%
1999 The Matrix
26%
1979 Apocalypse Now
23%
1947 It's A Wonderful Life
19%
2015 Mad Max: Fury Road
19%
1954 Rear Window
19%
2001 Spirited Away
19%
1986 Aliens
16%
2023 Barbie
16%
1995 Heat
16%
1962 Lawrence Of Arabia
16%
2007 No Country For Old Men
16%
1954 Seven Samurai
16%
1991 Terminator 2: Judgment Day
16%
1973 The Exorcist
16%
1966 The Good, The Bad And The Ugly
16%
2014 Whiplash
16%
1982 Blade Runner
13%
1988 Die Hard
13%
1984 Ghostbusters
13%
1958 Vertigo
13%
2000 American Psycho
10%
2016 Arrival
10%
1996 Fargo
10%
2016 Moonlight
10%
2007 There Will Be Blood
10%
2017 Get Out
6%
2009 Inglorious Bastards
6%
2003 Lost In Translation
6%
2001 Mulholland Drive
6%
2019 Once Upon A Time In Hollywood
6%
1993 The Piano
6%
1982 The Thing
6%
2005 Brokeback Mountain
3%
2022 Everything Everywhere All At Once
3%
2000 In The Mood For Love
3%
2017 Lady Bird
3%
1987 Predator
3%
1981 Raiders Of The Last Arc
3%
1998 The Big Lebowski
3%
2011 The Grand Budapest Hotel
3%
2010 The Social Network
3%
1989 When Harry Met Sally...
3%
2006 Children Of Men
0%
1989 Do The Right Thing
0%
2004 Eternal Sunshine Of Spotless Mind
0%
1993 Groundhog Day
0%
2007 Hot Fuzz
0%
1999 Magnolia
0%
2017 Paddington 2
0%
2009 Pan's Labyrinth
0%
2023 Past Lives
0%
1991 Point Break
0%
2020 Portrait Of A Lady On Fire
0%
2014 The Babadook
0%
1996 Trainspotting
0%
No matching quizzes found
Score Distribution
Percent of People with Each Score
Percentile by Number Answered
Your Score History
You have not taken this quiz